| 000 | 00815nam a22002177a 4500 | ||
|---|---|---|---|
| 005 | 20251108171807.0 | ||
| 008 | 250721s1985 xx 000 0 ara d | ||
| 082 | 1 | 4 | _a378.564/ندو |
| 111 | 2 | _aندوة مشاكل التعليم الجامعي في الوطن المحتل و الروح الجامعية ( 1985 : عمان ) | |
| 245 | 1 | 0 |
_aالتعليم العالي في فلسطين المحتلة : _bفلسفته و أهدافه و روحه : وقائع ندوة مشاكل التعليم .... / |
| 264 | 1 |
_aعمان : _bدار الجليل، _c1985. |
|
| 300 | _a186ص | ||
| 650 | 1 | 7 | _aالتعليم العالي |
| 650 | 1 | 7 | _aفلسطين |
| 650 | 1 | 7 | _aالندوات |
| 650 | 1 | 7 | _aالكليات |
| 650 | 1 | 7 | _aالجامعات |
| 650 | 1 | 7 | _aفلسطين |
| 942 |
_2ddc _cBK |
||
| 999 |
_c62670 _d62670 |
||